000 00462nam a2200169Ia 4500
003 GCL
008 140319s9999 xx 000 0 aRus d
040 _aGCL /
_cGCL
082 0 4 _a741.964
_bM P
100 1 _aMINISTERIO DE CULTURA
245 1 0 _aPINTURA ESPANOLA DEL SIGLO XIX: DEL NEOCLASICISMO AL MODERNISMO /
_cMINISTERIO DE CULTURA
300 _a229 P
650 0 4 _aDRAWINGS
650 0 4 _aARTS
650 0 4 _aPICASSO, PABLO, 1881 - 1973
942 _2ddc
_cBK
999 _c15474
_d15474